Statistiques concernant "Nouveau" dans quelle langue?

Cliquez ici pour prendre le quiz!

Statistiques générales

  • Ce quiz a été pris 82 fois
    (53 depuis la dernière actualisation)
  • Le résultat moyen est 4 sur 14

Statistiques - réponses

NOUVEAULangue% Correct
NewAnglais
98%
NeuAllemand
59%
NovumLatin
55%
NieuwNéerlandais
47%
NovaPortugais / esperanto
47%
UusiFinlandais
24%
NowyPolonais
22%
NovýTchèque /slovaque
16%
ÚjHongrois
12%
አዲስ (ādīsi)Amharique
10%
NouvoHaïtien
4%
YeniTurc
4%
I riAlbania
0%
JaunsLetton
0%

Distribution des résultats

Percentile par nombre de réponses

% des personnes avec chaque résultat

Votre développement - résultats

Vous n’avez pas pris ce quiz depuis la dernière actualisation